000 00625nam a2200229Ia 4500
003 OSt
005 20220928113639.0
006 a|||||r|||| 00| 0
007 ta
008 220927b |||||||| |||| 00| 0 eng d
024 _a55673
037 _cTextual
040 _aSDCL
_cSDCL
_beng
041 _2eng
_aeng
082 _aY15, N0
100 _aSmith Dorothy E
_9434199
245 0 _aTexts, facts and femininity
_b Exploring the relations of ruling
260 _aLondon
_bRoutledge
_c1990
300 _avii,247p
_ccm.
942 _hY15, N0
_cTEXL
_2CC
999 _c750569
_d750569